La prensa estranjera y la dictadura chilena: Recopilación de artículos de la prensa de Europa i de América sobre la dictadura chilena, triunfo de la Constitución i suicidio de Don José Manuel Balmaceda
Kaydedildi:
| Yazar: | |
|---|---|
| Materyal Türü: | Kitap |
| Dil: | İspanyolca |
| Baskı/Yayın Bilgisi: |
Santiago
Imprenta Santiago, Huérfanos 46-D
1891
|
| Edisyon: | 1a. ed |
| Konular: | |
| Etiketler: |
Etiketle
Etiket eklenmemiş, İlk siz ekleyin!
|
MARC
| LEADER | 00000nam a2200000 a 4500 | ||
|---|---|---|---|
| 001 | UCJ5197 | ||
| 003 | CL-VaPUC | ||
| 008 | 070124e18911100CL |||||||||||||||||spa|d | ||
| 082 | 0 | 4 | |a 983 |b FAG |2 21 |
| 100 | 0 | |a Fagalde, Alberto |e author |9 510074 | |
| 245 | 1 | 3 | |a La prensa estranjera y la dictadura chilena: Recopilación de artículos de la prensa de Europa i de América sobre la dictadura chilena, triunfo de la Constitución i suicidio de Don José Manuel Balmaceda |
| 250 | |a 1a. ed | ||
| 300 | |a 212 p | ||
| 942 | |c BK | ||
| 945 | |d 20070124 00:00:00 |a rinostro | ||
| 260 | |a Santiago |b Imprenta Santiago, Huérfanos 46-D |c 1891 | ||
| 600 | 0 | |a Balmaceda Fernández, José Manuel, |d 1840-1891 |9 315369 | |
| 650 | 7 | |a GUERRA CIVIL DE 1891 |2 CL-VaPUC |9 408173 | |
| 650 | 0 | |a Presidentes de Chile |9 268293 | |
| 650 | 0 | |a Prensa y periodismo |z Chile |9 504409 | |
| 650 | 0 | |a Historia de Chile |9 265473 | |
| 651 | 0 | |a Alemania |9 255688 | |
| 651 | 0 | |a Argentina |9 254888 | |
| 651 | 0 | |a Bolivia |9 255454 | |
| 651 | 7 | |a BELGICA |2 CL-VaPUC |9 315122 | |
| 651 | 0 | |a España |9 254926 | |
| 651 | 0 | |a Italia |9 254949 | |
| 651 | 0 | |a Brasil |9 267393 | |
| 651 | 0 | |a Venezuela |9 254993 | |
| 583 | |a last modification |c 20070124 00:00:00 |k Rodrigo Vera | ||
| 999 | |c 321310 |d 321308 | ||
| 952 | |0 0 |1 0 |4 0 |6 983_000000000000000_FAG_1891 |7 0 |8 X |9 400020 |a FDOBUD |b FDOBUD |d 2019-11-22 |i 103118K |o 983 FAG 1891 |p 103118K |r 2019-11-22 |w 2019-11-22 |y BK_X |k BUD | ||